000 00396nam a22001577a 4500
003 OSt
008 250215b |||||||| |||| 00| 0 eng d
020 _a9788197818455
100 _aTanu
245 _aBusiness Environment Affecting Company Law
260 _aNew Delhi,
_bNaples India:
_c2024.
300 _a369p.
650 _aFaculty Publication
700 _aMeenakshi
942 _2ddc
_cBK
999 _c13138
_d13138